Name a valid Counter-Strike Player - Statistics

General Stats
  • This quiz has been taken 66 times
  • The average score is 14 of 20
Answer Stats
Name a Counter-Strike player... # Answer % Correct
MVP of a Major 19 JW | pashaBiceps | friberg | Happy | olofmeister | flusha | kennyS | coldzera | Kjaerbye | AdreN | tarik | dev1ce | Magisk | s1mple | rain | Jame | ZywOo | jL | donk
100%
#1 in HLTV Top 20 8 markeloff | NEO | GeT_RiGhT | olofmeister | coldzera | s1mple | ZywOo | donk
98%
who played for 2 teams among NaVi, G2 and FaZe 8 Aleksib | GuardiaN | NiKo | Maikelele | rain | fox | jkaem | aizy
88%
who got a permanent graffiti (or cosmectic additions) on an official map 8 coldzera | olofmeister | s1mple | friberg | Dosia | flusha | pronax | KRIMZ
88%
who won a Major with two different organizations 11 dupreeh | Magisk | Happy | NBK- | kioShiMa | FalleN | fer | coldzera | fnx | TACO | apex
88%
who won a Major but never made it to HLTV Top 20 18 pronax | TACO | Devilwalk | znajder | Fifflaren | mou | Stewie2K | RUSK | tarik | Boombl4 | Perfecto | Qikert | n0rb3r7 | fame | Aleksib | magixx | chopper | zont1x
88%
who won a Major before the age of 19 4 donk | Kjaerbye | JW | b1t
86%
who made it to HLTV Top 20 both for CS 1.6 and CS:GO 8 NEO | GeT_RiGhT | markeloff | f0rest | Xizt | Edward | pashaBiceps | Dosia
84%
who has stayed for more than 3000 consecutive days in the same organization 4 rain | EliGE | BTN | KRIMZ
73%
Introduced to HLTV Hall of Fame 4 HeatoN | Potti | f0rest | GeT_RiGhT
71%
who attended at least 13 Majors but never won one 4 NiKo | GuardiaN | EliGE | Edward
71%
who attended both CS:GO and CS2 first Majors (2013 / 2024) 3 karrigan | gla1ve | apEX
69%
with more than 20,000 AWP kills 3 oskar | syrsoN | kennyS
65%
only player of his nationality to have attended a Major 8 CeRq | Maden | SANJI | t0rick | malbsMd | dav1d | Freeman | kaze
61%
African player who attended a Major 7 bLacKpoisoN | Cent | Detrony | deviaNt | Racno | JT | Sonic
59%
Oceanian player who made it to HLTV Top 20 1 jks
57%
who won both a CS:GO and a CS2 Majors 1 b1t
55%
who attended all CS:GO Majors 1 dupreeh
53%
who attended Majors with at least 7 different organizations 3 karrigan | shox | FalleN
53%
with more than 2,500 maps played 2 JW | Snax
39%
No matching quizzes found
Score Distribution
Percent of People with Each Score
Percentile by Number Answered
Your Score History
You have not taken this quiz